Online
Catalog

La útima tarde del milenio / (Record no. 8188)

MARC details
000 -CABECERA
campo de control de longitud fija 01055cam a2200241 a 4500
001 - NÚMERO DE CONTROL
campo de control 000008417
005 - FECHA Y HORA DE LA ÚLTIMA TRANSACCIÓN
campo de control 20200929161335.0
008 - DATOS DE LONGITUD FIJA--INFORMACIÓN GENERAL
campo de control de longitud fija 031031s2003 gt 000 1 spa
040 ## - FUENTE DE LA CATALOGACIÓN
Centro catalogador/agencia de origen DO-SdBNP
Lengua de catalogación spa
Centro/agencia transcriptor DLC
Centro/agencia modificador BNPHU
082 ## - NÚMERO DE LA CLASIFICACIÓN DECIMAL DEWEY
Número de clasificación G863.44
Número de documento/Ítem R828u
049 ## - FONDOS LOCALES (OCLC)
Fondos de biblioteca BNGR
100 1# - ENTRADA PRINCIPAL--NOMBRE DE PERSONA
Nombre de persona Rossell, Robin,
Fechas asociadas al nombre 1957-
9 (RLIN) 22686
245 13 - MENCIÓN DE TÍTULO
Título La útima tarde del milenio /
Mención de responsabilidad, etc. Robin Rossell.
260 ## - PUBLICACIÓN, DISTRIBUCIÓN, ETC.
Lugar de publicación, distribución, etc. Guatemala :
Nombre del editor, distribuidor, etc. Cultura,
Fecha de publicación, distribución, etc. 2003.
300 ## - DESCRIPCIÓN FÍSICA
Extensión 99 p. ;
Dimensiones 21 cm.
490 1# - MENCIÓN DE SERIE
Mención de serie Narrativa guatemalteca
-- Serie Augusto Monterroso
Designación de volumen o secuencia 30
505 0# - NOTA DE CONTENIDO CON FORMATO
Nota de contenido con formato Como Aquella vez en Betesda - La vieja Señal - La última tarde del Milenio - Él viene del cielo - El regalo de los insectos - La ecuación perdida -Ven pájaro verde - Nuestra sonbbra en el jardín - La biblioteca del mal - EL rostro de la madera -El hombre de las dos sombras.
650 #4 - PUNTO DE ACCESO ADICIONAL DE MATERIA--TÉRMINO DE MATERIA
Término de materia o nombre geográfico como elemento de entrada Novela guatemalteca
9 (RLIN) 5392
650 #4 - PUNTO DE ACCESO ADICIONAL DE MATERIA--TÉRMINO DE MATERIA
Término de materia o nombre geográfico como elemento de entrada Literatura guatemalteca
9 (RLIN) 5393
650 #4 - PUNTO DE ACCESO ADICIONAL DE MATERIA--TÉRMINO DE MATERIA
Término de materia o nombre geográfico como elemento de entrada Narrativa guatemalteca
9 (RLIN) 22687
830 #0 - PUNTO DE ACCESO ADICIONAL DE SERIE-TÍTULO UNIFORME
Título uniforme Narrativa guatemalteca ,
Nombre de parte o sección de la obra Serie Augusto Monterroso ;
Designación de volumen o secuencia 30
9 (RLIN) 22688
910 ## - DATOS DE OPCIÓN DEL USUARIO (OCLC)
Datos de opción del usuario Catalogación derivada
Holdings
Estado de retiro Estado de pérdida Restricciones de uso No para préstamo Código de colección Localización permanente Ubicación/localización actual Ubicación en estantería Fecha de adquisición Número de inventario Total de préstamos Signatura topográfica completa Código de barras Fecha visto por última vez Precio válido a partir de Tipo de ítem Koha
    Préstamo interno   Monografías: Libros y Folletos General General En catalogación 16.09.2009 LF1   G863.44 R828u 8417-10 25.06.2020 25.06.2020 Préstamo interno

Powered by Koha